Optical Electronics / (Record no. 562699)

000 -LEADER
fixed length control field 00363nam a2200121Ia 4500
008 - FIXED-LENGTH DATA ELEMENTS--GENERAL INFORMATION
fixed length control field 210430s9999 xx 000 0 und d
020 ## - INTERNATIONAL STANDARD BOOK NUMBER
International Standard Book Number 0-521-31408-9
082 ## - DEWEY DECIMAL CLASSIFICATION NUMBER
Classification number 621.380414 A312O
100 ## - MAIN ENTRY--PERSONAL NAME
Personal name Ghatak A.K, Thyagarajan.K
9 (RLIN) 53115
245 ## - TITLE STATEMENT
Title Optical Electronics /
Statement of responsibility, etc. Ghatak A.K&Thyagarajan.K
260 ## - PUBLICATION, DISTRIBUTION, ETC.
Place of publication, distribution, etc. New York
Date of publication, distribution, etc. 1989
Name of publisher, distributor, etc. Cambridge University
942 ## - ADDED ENTRY ELEMENTS (KOHA)
Koha item type Book
Source of classification or shelving scheme
Holdings
Withdrawn status Lost status Source of classification or shelving scheme Damaged status Not for loan Permanent Location Current Location Date acquired Full call number Barcode Date last seen Price effective from Koha item type
          School of Chemical & Materials Engineering (SCME) School of Chemical & Materials Engineering (SCME)   621.380414 A312O SCME-1580 04/30/2021 04/30/2021 Book
© 2023 Central Library, National University of Sciences and Technology. All Rights Reserved.